| 000 | 00721 a2200217 4500 | ||
|---|---|---|---|
| 020 | _a073570984X | ||
| 040 | _aDLC | ||
| 082 | 0 | 0 | _a005.44769 |
| 100 | 1 | _aBragg, Roberta. | |
| 245 | 1 | 0 |
_aMCSE Windows 2000 network security design: training guide _cRoberta Bragg. |
| 250 | _a1st ed. | ||
| 260 |
_aNew Delhi : _bTechmedia, _c2000. |
||
| 300 |
_axxx, 912 p. : _bill. ; _c25 cm. + |
||
| 500 | _a"Exam 70-220." | ||
| 500 | _aIncludes index. | ||
| 650 | 0 |
_aElectronic data processing personnel _xCertification. |
|
| 650 | 0 |
_aMicrosoft software _xExaminations |
|
| 650 | 0 |
_aComputer security _xExaminations |
|
| 856 | 4 | 1 |
_3Table of contents _uhttp://www.loc.gov/catdir/toc/fy031/00100503.html |
| 942 |
_cBK _k005.44769 BRA _2ddc |
||
| 999 |
_c6385 _d6385 |
||